000 00956cam a22002174a 4500
005 20250605164153.0
008 250528s ||||||||||||||||||||||||d
035 _a19481
020 _a960286754Χ
040 _aGR-AtMCL
_bgre
_dGR-AtMCL
_eAACR2
245 1 _aΟΙΚΟΝΟΜΙΚΗ ΤΩΝ ΜΕΤΑΦΟΡΩΝ
250 _a1
260 _bΈλλην,
_c2005
300 _a464
505 0 _aΓΙΑΤΙ ΝΑ ΜΕΛΕΤΑΜΕ ΤΗΝ ΟΙΚΟΝΟΜΙΚΗ ΤΩΝ ΜΕΤΑΦΟΡΩΝ; Η ΖΗΤΗΣΗ ΤΩΝ ΜΕΤΑΦΟΡΩΝ ΚΟΣΤΟΣ ΤΩΝ ΜΕΤΑΦΟΡΩΝ ΚΟΣΤΟΣ ΣΤΑΘΕΡΩΝ ΕΓΚΑΤΑΣΤΑΣΕΩΝ
520 _aΓΙΑΤΙ ΝΑ ΜΕΛΕΤΑΜΕ ΤΗΝ ΟΙΚΟΝΟΜΙΚΗ ΤΩΝ ΜΕΤΑΦΟΡΩΝ; Η ΖΗΤΗΣΗ ΤΩΝ ΜΕΤΑΦΟΡΩΝ ΚΟΣΤΟΣ ΤΩΝ ΜΕΤΑΦΟΡΩΝ ΚΟΣΤΟΣ ΣΤΑΘΕΡΩΝ ΕΓΚΑΤΑΣΤΑΣΕΩΝ
700 1 _aBoyer Kenneth D
_95727
942 _cBK
999 _c4737
_d4737